5HLuxD.jpg

KING HENRY VIII SENIOR AND PRIMARY SCHOOL LIBRARY OPAC

Muhammad Ali : (Record no. 458)

000 -LEADER
fixed length control field 01379cam a2200313 a 4500
001 - CONTROL NUMBER
control field 14685908
003 - CONTROL NUMBER IDENTIFIER
control field OSt
005 - DATE AND TIME OF LATEST TRANSACTION
control field 20190815101614.0
008 - FIXED-LENGTH DATA ELEMENTS--GENERAL INFORMATION
fixed length control field 070104s2008 mnua j b 001 0beng
010 ## - LIBRARY OF CONGRESS CONTROL NUMBER
LC control number 2006103432
020 ## - INTERNATIONAL STANDARD BOOK NUMBER
International Standard Book Number 9781429617710
040 ## - CATALOGING SOURCE
Original cataloging agency DLC
Transcribing agency DLC
Modifying agency DLC
043 ## - GEOGRAPHIC AREA CODE
Geographic area code n-us---
082 00 - DEWEY DECIMAL CLASSIFICATION NUMBER
Classification number 921 BUR
Edition number 22
100 1# - MAIN ENTRY--PERSONAL NAME
Personal name Burgan, Michael.
Relator term author
245 10 - TITLE STATEMENT
Title Muhammad Ali :
Remainder of title American champion /
Statement of responsibility, etc. by Michael Burgan ; illustrated by Brian Bascle.
260 ## - PUBLICATION, DISTRIBUTION, ETC.
Place of publication, distribution, etc. Mankato, Minn. :
Name of publisher, distributor, etc. Capstone Press,
Date of publication, distribution, etc. c2008.
300 ## - PHYSICAL DESCRIPTION
Extent 32 p. :
Other physical details col. ill. ;
Dimensions 24 cm.
440 ## - SERIES STATEMENT/ADDED ENTRY--TITLE
Title Graphic library.
Number of part/section of a work graphic biographies
504 ## - BIBLIOGRAPHY, ETC. NOTE
Bibliography, etc. note Includes bibliographical references (p. 31) and index.
520 ## - SUMMARY, ETC.
Summary, etc. "In graphic novel format, tells the life story of dynamic heavyweight boxing champion Muhammad Ali, who gained fame for his boxing skills, political views, and humanitarian efforts"--Provided by publisher.
600 10 - SUBJECT ADDED ENTRY--PERSONAL NAME
Personal name Ali, Muhammad,
Dates associated with a name 1942-2016
Form subdivision Juvenile literature.
650 #0 - SUBJECT ADDED ENTRY--TOPICAL TERM
Topical term or geographic name entry element Boxers (Sports)
Geographic subdivision United States
Form subdivision Biography
-- Juvenile literature.
700 1# - ADDED ENTRY--PERSONAL NAME
Personal name Bascle, Brian,
Relator term Illustrator
856 41 - ELECTRONIC LOCATION AND ACCESS
Materials specified Table of contents only
Uniform Resource Identifier <a href="http://www.loc.gov/catdir/toc/ecip077/2006103432.html">http://www.loc.gov/catdir/toc/ecip077/2006103432.html</a>
906 ## - LOCAL DATA ELEMENT F, LDF (RLIN)
a 7
b cbc
c orignew
d 1
e ecip
f 20
g y-gencatlg
942 ## - ADDED ENTRY ELEMENTS (KOHA)
Source of classification or shelving scheme
Koha item type Books - Non Ficton
Holdings
Withdrawn status Lost status Source of classification or shelving scheme Damaged status Not for loan Collection code Permanent Location Current Location Shelving location Date acquired Full call number Barcode Date last seen Price effective from Koha item type
          Non-Fiction KH8 Senior School Library KH8 Senior School Library Non Fiction 2019-08-15 921 BUR 3KHSL000101137 2019-08-15 2019-08-15 Books - Non Ficton

Powered By KH8 IT Dept